Emergency evacuation (Record no. 72567)

MARC details
000 -LEADER
fixed length control field 01182cam a2200241 4500
001 - CONTROL NUMBER
control field ABS66579
008 - FIXED-LENGTH DATA ELEMENTS--GENERAL INFORMATION
fixed length control field 030429n2003 000 0 eng u
035 ## - SYSTEM CONTROL NUMBER
System control number (Sirsi) u122118
110 ## - MAIN ENTRY--CORPORATE NAME
Corporate name or jurisdiction name as entry element Lawrence Webster Forrest
9 (RLIN) 4400
245 ## - TITLE STATEMENT
Title Emergency evacuation
260 ## - PUBLICATION, DISTRIBUTION, ETC.
Date of publication, distribution, etc. 2003
490 ## - SERIES STATEMENT
Series statement RICS Building Control
Volume/sequential designation (139) April 2003, 11-12(2)
520 ## - SUMMARY, ETC.
Summary, etc. An edited extract of a report from a "Lawrence Webster Forest Professional Bulletin" which looks at the Disability Discrimination Act 1995 in relation to fire safety. Highlights key points, such as risk assessment, refuges and use of a personal emergency evacuation plan including buddies. Suggests that access consultants generally only assess the ingress to a building by disabled people,not its' emergency egress. The full report can be found at www.lwf.co.uk.
590 ## - LOCAL NOTE (RLIN)
Local note ABS
650 ## - SUBJECT ADDED ENTRY--TOPICAL TERM
Topical term or geographic name entry element DISABILITY DISCRIMINATION ACT 1995
650 ## - SUBJECT ADDED ENTRY--TOPICAL TERM
Topical term or geographic name entry element RISK ASSESSMENT
650 ## - SUBJECT ADDED ENTRY--TOPICAL TERM
Topical term or geographic name entry element EVACUATION
650 ## - SUBJECT ADDED ENTRY--TOPICAL TERM
Topical term or geographic name entry element DISABLED PEOPLE
650 ## - SUBJECT ADDED ENTRY--TOPICAL TERM
Topical term or geographic name entry element PERSONAL EMERGENCY EVACUATION PLANS
690 ## - LOCAL SUBJECT ADDED ENTRY--TOPICAL TERM (OCLC, RLIN)
Topical term or geographic name as entry element BUILT ENVIRONMENT-BUILDING STANDARDS
856 ## - ELECTRONIC LOCATION AND ACCESS
Uniform Resource Identifier <a href="https://www.lwf.co.uk">https://www.lwf.co.uk</a>
Hours access method available View the Lawrence Webster Forrest website...
942 ## - ADDED ENTRY ELEMENTS (KOHA)
Suppress in OPAC 0
Holdings
Withdrawn status Lost status Source of classification or shelving scheme Damaged status Not for loan Home library Current library Shelving location Date acquired Total Checkouts Full call number Barcode Date last seen Copy number Price effective from Koha item type
    Dewey Decimal Classification     London London Journal article 29/04/2003   ABS66579 122118-1001 06/08/2019 1 06/08/2019 Journal article